00674nam a2200193 i 4500001000700000003000700007005001700014008004100031020001800072080002700090100002300117245008100140260003700221300005500258490002800313600003500341830002800376852007600404189239SpMaBN20240104181530.0190429s1995 sp ac |||| |dspa d a84-7086-322-3 a929 Caro Baroja, Julio1 aMaraña, Félix.10aJulio Caro Baroja, el hombre necesario b: (1914-1995) / cFélix Maraña. aZarautz : bItxaropena, c[1995] a121 p., [1] h. de lám. : bil., retr. ; c20 cm.1 aVascos de palabra ; v114aCaro Baroja, Julio,d1914-19950 aVascos de palabra ; v1 aES-MaACLjA-14528bR.151933cDEPO1dOlim: N-7528hDonación: Editorial